000 01606nam0a22003491 4500
001 v19\rc\1721597
005 20250619054302.0
035 _a(NLR Aleph) 004844052
090 _a4852652
_c4852652
100 _a20061002e19011901|||y0rusy50 ca
101 0 _arus
102 _aRU
105 _ay z |||||
200 1 _aТретий съезд польских историков
210 _aСанкт-Петербург
_cтип. Имп. Акад. наук
_d1901
215 _a[2], 20 с.
_d24
300 _aПеред загл. авт.: Р-а Бодуэн-де-Куртенэ
311 _aОтт. из "Изв. Отд-ния рус. яз. и словесности Имп. Акад. наук", т. 6 (1901 г.), кн. 1, с. 37-56
488 0 _12001#$aИзвестия Отделения русского языка и словесности Императорской Академии наук$v1901, т. 6, кн. 1
_1215##$aС. 37-56
_tИзвестия Отделения русского языка и словесности Императорской Академии наук
700 1 _aБодуэн де Куртенэ
_bР. Р.
_f1857-1935
_gРомуальда Ромуальдовна
_3RU\NLR\AUTH\770274268
712 1 2 _aСъезд польских историков
_d3
_f1900
_eКраков
801 0 _aRU
_bNLR
_gpsbo
801 0 _aRU
_bRuMoRGB
_2psbo
801 1 _aRU
_bProSoft-M
_2rusmarc
852 _aNLR
_j18.334.2.176
899 _aRuMoRGB
_jF 92/117
899 _aRuMoRGB
_jS 109/20
899 _aБАН
899 _aГПИБ
942 _cBOOK
980 _aNB